| 000 | 00573cam a22002171 04500 | ||
|---|---|---|---|
| 001 | 44705 | ||
| 090 | _a44705 | ||
| 100 | _a19950301d1982 d y0pory5003 ba | ||
| 101 | 1 | _apor | |
| 102 | _aPT | ||
| 200 | 1 |
_aO jovem ecologista _fNeil Arnold _gil. Chris Sheilds |
|
| 210 | 9 |
_aLisboa _cVerbo, _dimp. 1982 |
|
| 215 |
_a46 p. _cil. _d28 cm |
||
| 304 | _aTít. orig. : The young ecologist | ||
| 675 | _a57.081 | ||
| 675 |
_a087.5 _vmed _zpor |
||
| 700 | 1 |
_aArnold, _bNeil |
|
| 702 | 1 |
_aSheilds, _bChris _4440 |
|
| 702 | 1 |
_aCardoso, _bManuel Maria Mota _4730 |
|
| 801 | 0 |
_aPT _bBN _gRPC |
|
| 990 | _cLIVROS | ||